00678nam a2200205 a 450000100100000000500170001000800410002702000150006804000250008308200150010824500440012326000320016730000460019949000180024559000260026370000280028983000250031795201130034299900170045500004235920201002040113.0131127s1992 fr r 000 0 spa d a2862600865 aDO-SdBNPbspacBNPHU axxxxbxxxx00aActeurs /cdirección Arlette Namiand. aFrance :bAutrement,c1992. a250 p., [9] p. de lám. :bil. ;c25 cm.1 aMutationsv70 aInventariado, 2019/BT1 aNamiand, Arlette969430 0aMutationsn70969431 001050718MOaGRbGRcHDd2013-11-27iLF1l0oxxxx xxxxp42359-10r2020-06-25w2020-06-25y1ZNo se presta c41848d41848